UBT Library

Epoka para gjyqit Viktimat e Tivarit , Darka e Dreqit, Engjejt e djaj (Record no. 60817)

000 -LEADER
fixed length control field 00347nam a22001337a 4500
008 - FIXED-LENGTH DATA ELEMENTS--GENERAL INFORMATION
fixed length control field 260218b ||||| |||| 00| 0 eng d
020 ## - INTERNATIONAL STANDARD BOOK NUMBER
International Standard Book Number 9789951530002
041 ## - LANGUAGE CODE
Language code of text/sound track or separate title eng
080 ## - UNIVERSAL DECIMAL CLASSIFICATION NUMBER
Universal Decimal Classification number 2.1
100 ## - Rafti
Rafti 20.1
101 ## - Shkurtesa
Shkurtesa roman
245 ## - TITLE STATEMENT
Title Epoka para gjyqit Viktimat e Tivarit , Darka e Dreqit, Engjejt e djaj
Statement of responsibility, etc Ekrem Kryeziu
942 ## - ADDED ENTRY ELEMENTS (KOHA)
Source of classification or shelving scheme
Item type Books
Holdings
Withdrawn status Lost status Source of classification or shelving scheme Damaged status Not for loan Collection code Permanent location Current location Date acquired Total Checkouts Barcode Date last seen Price effective from Koha item type
          Koleksioni i përgjithshem UBT - Lipjan UBT - Lipjan 02/18/2026   002-800070999492 02/18/2026 02/18/2026 Books
          Koleksioni i përgjithshem UBT - Lipjan UBT - Lipjan 03/09/2026   003-80007099967 03/09/2026 03/09/2026 Books
          Koleksioni i përgjithshem UBT - Lipjan UBT - Lipjan 03/09/2026   003-80007099968 03/09/2026 03/09/2026 Books
          Koleksioni i përgjithshem UBT - Lipjan UBT - Lipjan 03/13/2026   003-800070999172 03/13/2026 03/13/2026 Books
          Koleksioni i përgjithshem UBT - Lipjan UBT - Lipjan 03/31/2026   003-800070999540 03/31/2026 03/31/2026 Books
          Koleksioni i përgjithshem UBT - Lipjan UBT - Lipjan 03/31/2026   003-800070999541 03/31/2026 03/31/2026 Books
          Koleksioni i përgjithshem UBT - Lipjan UBT - Lipjan 04/16/2026   003-800070999652 04/16/2026 04/16/2026 Books
          Koleksioni i përgjithshem UBT - Lipjan UBT - Lipjan 04/16/2026   003-800070999653 04/16/2026 04/16/2026 Books
          Koleksioni i përgjithshem UBT - Lipjan UBT - Lipjan 04/16/2026   003-800070999654 04/16/2026 04/16/2026 Books
UBT Library © 2015-2024. All rights reserved University Education for Business and Technology